000 01302nam a2200337 i 4500
001 60659
003 CO-BoRNBP
005 20260312151013.0
007 ta
008 171004s2014 ag a jr 000 f spa c
020 _a9789871208579
040 _aCO-BoUNC
_bspa
_erda
_cCO-BoUNC
041 0 _aspa
082 0 4 _a883.009
_bH766od
_221
084 _aNG HOM
100 0 _aHomero
_eautor
_96303
245 1 3 _aLa odisea /
_cHomero ; adaptado por Diego Agrimbau ; ilustración de Smilton.
250 _a1a. edición
264 1 _aBuenos Aires
_bLatinbooks,
_c2014.
300 _a71 páginas :
_bilustraciones ;
_c26 cm.
336 _atexto
_btxt
_2rdacontent
337 _asin mediación
_bn
_2rdamedia
338 _avolumen
_bnc
_2rdacarrier
520 1 _aUlises vuelve a su tierra al terminar la guerra de Troya. Allá le espera su mujer Penélope. Pero el viaje estar lleno de obstáculos que Ulises debe superar. Uno de los clásicos de la literatura universal, puesto al alcance de los lectores en forma de novela gráfica.
650 1 4 _aLibros Infantiles
_2LEMB
_941871
650 1 7 _aLiteratura griega clásica
_2LEMB
_969381
650 1 7 _aPoesía épica griega
_2LEMB
_927648
650 1 7 _aHistoria antigua
_2Tesauro Unesco
_914171
700 1 _aAgrmbau, Diego
_eadaptador
_969382
942 _2ddc
_cBK
999 _c60659
_d60659